Rozvojová pomoc členských krajín Organizácie pre hospodársku spoluprácu a rozvoj
Vznik a činnosť OECD. Rozvojová pomoc - minulosť, súčasnosť a ciele. Aktuálne trendy, partnerstvo a koordinácia rozvojovej spolupráce. Vstup Slovenska do OECD a rozvojová pomoc.
Saved in:
| Main Author: | |
|---|---|
| Format: | Book Chapter |
| Language: | Slovak |
| Subjects: | |
| Tags: |
No Tags, Be the first to tag this record!
|
MARC
| LEADER | 00000naa a2200000 4500 | ||
|---|---|---|---|
| 001 | r039552 | ||
| 005 | 20230922115424.7 | ||
| 041 | 0 | |a slo | |
| 044 | |a SK | ||
| 245 | 1 | 0 | |a Rozvojová pomoc členských krajín Organizácie pre hospodársku spoluprácu a rozvoj |c Urban Rusnák |
| 520 | |a Vznik a činnosť OECD. Rozvojová pomoc - minulosť, súčasnosť a ciele. Aktuálne trendy, partnerstvo a koordinácia rozvojovej spolupráce. Vstup Slovenska do OECD a rozvojová pomoc. | ||
| 610 | 2 | 0 | |a pomoc rozvojová |
| 610 | 2 | 0 | |a spolupráca hospodárska medzinárodná |
| 610 | 2 | 0 | |a krajiny rozvojové |
| 610 | 2 | 0 | |a krajiny vyspelé |
| 610 | 2 | 0 | |a Slovensko |
| 610 | 2 | 0 | |a história |
| 610 | 2 | 0 | |a OECD |
| 100 | 1 | |a Rusnák, Urban | |